Հին հայ իրավունքի պատմությունը: / (Record no. 44066)
[ view plain ]
| 000 -LEADER | |
|---|---|
| fixed length control field | 01784nam a2200229Ia 4500 |
| 003 - CONTROL NUMBER IDENTIFIER | |
| control field | SEM |
| 005 - DATE AND TIME OF LATEST TRANSACTION | |
| control field | 20220608071008.0 |
| 008 - FIXED-LENGTH DATA ELEMENTS--GENERAL INFORMATION | |
| fixed length control field | 141116s9999 xx 000 0 arm d |
| 040 ## - CATALOGING SOURCE | |
| Original cataloging agency | SEM |
| Transcribing agency | SEM |
| 041 ## - LANGUAGE CODE | |
| Language code of text/sound track or separate title | arm |
| 080 ## - UNIVERSAL DECIMAL CLASSIFICATION NUMBER | |
| Universal Decimal Classification number | 34(47.925)(09)/Ս-17 |
| 100 ## - MAIN ENTRY--PERSONAL NAME | |
| Personal name | Սամուելյան Խաչիկ |
| 245 ## - TITLE STATEMENT | |
| Title | Հին հայ իրավունքի պատմությունը: / |
| Statement of responsibility, etc. | Խ. Սամուելյան; Պատ. խմբ.` Ս. Բուդումյան; ԽՍՀՄ ԳԱ հայկական ֆիլիալ պատմության և հնագիտության |
| 246 ## - VARYING FORM OF TITLE | |
| Title proper/short title | История древнего армянского право. / |
| 260 ## - PUBLICATION, DISTRIBUTION, ETC. | |
| Place of publication, distribution, etc. | Երևան: |
| Name of publisher, distributor, etc. | «Արմֆան» հրատ., |
| Date of publication, distribution, etc. | 1939. |
| 300 ## - PHYSICAL DESCRIPTION | |
| Extent | Հ.; |
| Dimensions | 21 սմ |
| 504 ## - BIBLIOGRAPHY, ETC. NOTE | |
| Bibliography, etc. note | Հ. 1 - Ծանոթություն` էջ 325-334; Աղբյ.` էջ 335-336; Գրակ.` էջ 336-344; Անվանացանկ` էջ 345-354; Резюме с.: 355-363 |
| 505 ## - FORMATTED CONTENTS NOTE | |
| Formatted contents note | Հ. I - |
| Title | [Իրավունքի աղբյուրներ: Հայ իրավունքի համադրությունը: Հայ իրավունքի զարգացման շրջանները - Նախարարական իրավունք: Բագրատունյաց կամ Արաբա-բյուզանդական շրջան: Թյուրք-մոնղոլական տիրապետության շրջան: Պետական ու վարչական իրավունք - Գերագույն իշխանություն: Նախարարական իշխանություն: Ջրային իրավունք: Ֆեոդալական ծառայություն: Շինականություն: Ստրկություն: ] |
| Statement of responsibility | /Պատ. խմբ.` Ս. Բուդումյան |
| Miscellaneous information | 1939.- XII+363 էջ; |
| 650 ## - SUBJECT ADDED ENTRY--TOPICAL TERM | |
| Topical term or geographic name entry element | Իրավունք |
| General subdivision | պատմություն |
| Geographic subdivision | Հայաստան |
| 700 ## - ADDED ENTRY--PERSONAL NAME | |
| Relationship | resp. edt. |
| Personal name | Բուդումյան Ս. |
| Relator term | պատ. խմբ. |
| 942 ## - ADDED ENTRY ELEMENTS (KOHA) | |
| Source of classification or shelving scheme | Universal Decimal Classification |
| Koha item type | Գրքեր/Books |
| Withdrawn status | Lost status | Source of classification or shelving scheme | Damaged status | Not for loan | Collection code | Home library | Current library | Date acquired | Cost, normal purchase price | Inventory number | Total Checkouts | Full call number | Barcode | Date last seen | Price effective from | Koha item type | Public note |
|---|---|---|---|---|---|---|---|---|---|---|---|---|---|---|---|---|---|
| Universal Decimal Classification | Գրապահոց | Մայր Աթոռ Սուրբ Էջմիածին «Վաչե և Թամար Մանուկյան» Մատենադարան | Մայր Աթոռ Սուրբ Էջմիածին «Վաչե և Թամար Մանուկյան» Մատենադարան | 16/11/2014 | 4000.00 | 1931 | 34(47.925)(09)/Ս-17 | 1931 | 16/11/2014 | 16/11/2014 | Գրքեր/Books | Սպասարկվում է ընթերցասրահ | |||||
| Universal Decimal Classification | Գրապահոց | Մայր Աթոռ Սուրբ Էջմիածին «Վաչե և Թամար Մանուկյան» Մատենադարան | Մայր Աթոռ Սուրբ Էջմիածին «Վաչե և Թամար Մանուկյան» Մատենադարան | 16/11/2014 | 900.00 | 22484 | 34(47.925)(09)/Ս-17 | 22484 | 16/11/2014 | 16/11/2014 | Գրքեր/Books | Սպասարկվում է ընթերցասրահ | |||||
| Universal Decimal Classification | Գրապահոց | Մայր Աթոռ Սուրբ Էջմիածին «Վաչե և Թամար Մանուկյան» Մատենադարան | Մայր Աթոռ Սուրբ Էջմիածին «Վաչե և Թամար Մանուկյան» Մատենադարան | 07/06/2019 | 4000.00 | 27689 | 34(47.925)(09)/Ս-17 | 27689 | 07/06/2019 | 07/06/2019 | Գրքեր/Books | Սպասարկվում է ընթերցասրահ |